Egypt in the twenty first century challenges for development /

Bibliographic Details
Corporate Author: ProQuest (Firm)
Other Authors: El Ghonemy, Mohamad Riad, 1924-
Format: Electronic eBook
Language:English
Published: London ; New York, NY : RoutledgeCurzon, 2003.
Series:RoutledgeCurzon advances in Middle East and Islamic studies ; 2.
Subjects:
Online Access:Click to View
LEADER 01909nam a2200481Ia 4500
001 EBC180895
003 MiAaPQ
005 20191030193357.0
006 m o d |
007 cr cn|||||||||
008 021209s2003 enkab sb 001 0 eng d
010 |z  2002155348 
020 |z 0203710533 
020 |z 9780415303484 
020 |z 0415303486 
020 |a 9780203710531 (electronic bk.) 
035 |a (MiAaPQ)EBC180895 
035 |a (Au-PeEL)EBL180895 
035 |a (CaPaEBR)ebr10097371 
035 |a (CaONFJC)MIL7327 
035 |a (OCoLC)437084158 
040 |a MiAaPQ  |c MiAaPQ  |d MiAaPQ 
050 4 |a HC830  |b .E3772 2003 
082 0 4 |a 338.962  |2 21 
245 0 0 |a Egypt in the twenty first century  |h [electronic resource] :  |b challenges for development /  |c edited by M. Riad El-Ghonemy. 
260 |a London ;  |a New York, NY :  |b RoutledgeCurzon,  |c 2003. 
300 |a xiv, 245 p. :  |b ill., 1 map. 
490 1 |a RoutledgeCurzon advances in Middle East and Islamic studies ;  |v 2 
504 |a Includes bibliographical references (p. [228]-239) and indexes. 
533 |a Electronic reproduction. Ann Arbor, MI : ProQuest, 2016. Available via World Wide Web. Access may be limited to ProQuest affiliated libraries. 
650 0 |a Economic forecasting  |z Egypt. 
651 0 |a Egypt  |x Economic policy. 
651 0 |a Egypt  |x Economic conditions  |y 1952-1970. 
651 0 |a Egypt  |x Economic conditions  |y 1970-1981. 
651 0 |a Egypt  |x Economic conditions  |y 1981- 
651 0 |a Egypt  |x Social conditions  |y 1952-1970. 
651 0 |a Egypt  |x Social conditions  |y 1970-1981. 
651 0 |a Egypt  |x Social conditions  |y 1981- 
655 4 |a Electronic books. 
700 1 |a El Ghonemy, Mohamad Riad,  |d 1924- 
710 2 |a ProQuest (Firm) 
830 0 |a RoutledgeCurzon advances in Middle East and Islamic studies ;  |v 2. 
856 4 0 |u https://ebookcentral.proquest.com/lib/matrademy/detail.action?docID=180895  |z Click to View